Foundations of community health nursing : Community-oriented practice
Foundations of Community and Public Health Nursing: Community Oriented Practice - offers the same "community-oriented" focus but covers only the essential content that ADN and BSN students need. The community-oriented focus of this new text emphasizes health promotion and disease preventio...
Tallennettuna:
| Päätekijä: | |
|---|---|
| Aineistotyyppi: | Kirja |
| Kieli: | Undetermined |
| Julkaistu: |
St. Louis, Mo.
Mosby
2002
|
| Aiheet: | |
| Tagit: |
Lisää tagi
Ei tageja, Lisää ensimmäinen tagi!
|
| Thư viện lưu trữ: | Trung tâm Học liệu Trường Đại học Cần Thơ |
|---|
| LEADER | 01542nam a2200229Ia 4500 | ||
|---|---|---|---|
| 001 | CTU_165797 | ||
| 008 | 210402s9999 xx 000 0 und d | ||
| 020 | |c 10.50 | ||
| 082 | |a 610.7343 | ||
| 082 | |b S786 | ||
| 100 | |a Stanhope, Marcia | ||
| 245 | 0 | |a Foundations of community health nursing : | |
| 245 | 0 | |b Community-oriented practice | |
| 245 | 0 | |c Marcia Stanhope, Jeanette Lancaster | |
| 260 | |a St. Louis, Mo. | ||
| 260 | |b Mosby | ||
| 260 | |c 2002 | ||
| 520 | |a Foundations of Community and Public Health Nursing: Community Oriented Practice - offers the same "community-oriented" focus but covers only the essential content that ADN and BSN students need. The community-oriented focus of this new text emphasizes health promotion and disease prevention. The goal of community-oriented community health nursing is to preserve, protect, promote, or maintain health through the care provided to individuals, families, and groups in the community. The various roles a community health nurse might undertake are discussed in a separate unit. Another unit discusses the care of vulnerable populations in the community. Family and individual care is also the focus of a separate unit. Practical application of concepts is highlighted throughout the text through the How To, Evidence Based Practice, and Clinical Application features. | ||
| 650 | |a Community health nursing | ||
| 650 | |x Điều dưỡng sức khỏe cộng đồng | ||
| 904 | |i Trọng Hiếu | ||
| 980 | |a Trung tâm Học liệu Trường Đại học Cần Thơ | ||